[Event "GER-chT U14 Girls"]
[Site "Arendsee"]
[Date "2011.12.30"]
[Round "7.4"]
[White "Mueller, Jennifer"]
[Black "Weiten, Teresa"]
[Result "1-0"]
[WhiteElo "945"]
[BlackElo "728"]
[PlyCount "95"]
[EventDate "2011.12.27"]
[EventType "team-swiss"]
[EventRounds "7"]
[EventCountry "GER"]
[SourceTitle "EXT 2022"]
[Source "ChessBase"]
[SourceDate "2021.10.06"]
[SourceVersion "1"]
[SourceVersionDate "2021.10.06"]
[SourceQuality "1"]
[WhiteTeam "Porz SG U14 Girls"]
[BlackTeam "Riegelsberg U14 Girls"]
[WhiteTeamCountry "GER"]
[BlackTeamCountry "GER"]

1. e4 e5 2. Nf3 Nc6 3. Bc4 Nf6 4. d3 Bc5 5. Bg5 d6 6. h3 0-0 7. Nc3 Be6 8. Bb3 h6 9. Bh4 Na5 10. Qd2 Nxb3 11. axb3 Bb4 12. 0-0 Qe7 13. Nd5 Bxd5 14. Qxb4 Bc6 15. Qd2 Qe6 16. Qe3 Nh5 17. Rxa7 Rxa7 18. Qxa7 Nf4 19. Bg3 Qg6 20. Qe3 Qg5 21. Nxg5 hxg5 22. Bxf4 gxf4 23. Qe2 Re8 24. Ra1 g6 25. Rd1 Re6 26. d4 f5 27. d5 Bxd5 28. exd5 Rf6 29. Ra1 e4 30. Ra8+ Kg7 31. Ra7 f3 32. gxf3 exf3 33. Qe3 g5 34. Qxf3 g4 35. hxg4 fxg4 36. Qxg4+ Kf7 37. Rxb7 Rg6 38. Qxg6+ Kxg6 39. Rxc7 Kf5 40. Re7 Kf6 41. Re3 Kf5 42. b4 Kf4 43. b5 Kf5 44. b6 Kf4 45. b7 Kf5 46. b8Q Kf4 47. Qxd6+ Kf5 48. Qf8+ 1-0